000 00532nam a2200181Ia 4500
008 100920s9999 xx 000 0 und d
082 _b4055
_a4 थ 0
100 _aEd., COUCH QUILLER A.T.
245 _aThe KINGS TREASURIES OF LITERATURE.
260 _bJ.M. DENT & SONS LTD ., LONDON.
_c0
300 _a256
_bसाधी
365 _b0
520 _aई. एल.डी.
630 _aThe KINGS TREASURIES OF LITERATURE.
650 _aई. एल.डी.
730 _aThe KINGS TREASURIES OF LITERATURE.
942 _cBOOK
999 _c673839
_d673836